00322cam a22000977a 4500008004000000082001900040245007900059260004200138300000900180700003500189180718b1966 xxu||||| |||| 00| 0 eng d aN4x5461 In/Int aInterim report of the delhi police commissioncby Ministry of Home Affairs aDelhibMinistry of Home Affairsc1966 a81p. aIndia. Ministry of Home Affair